Loading...
John F, Kennedy. /
| Main Author: | |
|---|---|
| Other Authors: | |
| Language: | Undetermined |
| Published: |
New York :
Jwayne Pub. ,
1974.
|
| Series: | Twayne's world leaders series.
|
| LEADER | 00505nam a2200157Ia 4500 | ||
|---|---|---|---|
| 001 | 100031 | ||
| 008 | 170722s9999 xx 000 0 und d | ||
| 100 | |a Schwab, Peter | ||
| 245 | |a John F, Kennedy. / | ||
| 260 | |a New York : |b Jwayne Pub. , |c 1974. | ||
| 300 | |a 173 p. |c 21cms | ||
| 490 | |a Twayne's world leaders series. | ||
| 700 | |a Shneidman , J. Lee | ||
| 942 | |c GEN | ||
| 999 | |c 160259 |d 160259 | ||
| 952 | |0 0 |1 0 |4 0 |6 V_731WN17_L4_RV |7 0 |9 224059 |a LIB |b LIB |d 2017-08-12 |o V73,1wN17 L4 (RV) |p G14545 |r 2017-08-12 |w 2017-08-12 |y GEN | ||